Política

Uloženo v:
Podrobná bibliografie
Hlavní autor: Athayde, Tristán de (Autor)
Médium: Kniha
Jazyk:španělština
Vydáno: Buenos Aires Difusión 1942
Témata:
Tagy: Přidat tag
Žádné tagy, Buďte první, kdo vytvoří štítek k tomuto záznamu!

MARC

LEADER 00000nam a2200000 a 4500
001 UCS8381
003 CL-VaPUC
008 971031e19420000AG |||||||||||||||||spa|d
082 0 4 |a 320.101  |b ATH  |2 21 
100 0 |a Athayde, Tristán de  |e author  |9 393209 
245 1 0 |a Política 
300 |a 160 p 
942 |c BK 
945 |d 19971031 00:00:00  |a aolguin 
260 |a Buenos Aires  |b Difusión  |c 1942 
650 0 |a Teoría del Estado  |9 255507 
650 7 |a TEORIA POLITICA  |2 CL-VaPUC  |9 393210 
650 0 |a Sociedad  |9 307903 
650 0 |a Estado  |9 255503 
650 0 |a Poderes del estado  |9 377457 
650 0 |a Autoridad   |9 257105 
650 0 |a Política  |9 255312 
650 0 |a Iglesia y Estado  |9 254995 
583 |a last modification  |c 19971031 00:00:00  |k Rodrigo Vera 
999 |c 262812  |d 262810 
952 |0 0  |1 0  |4 0  |6 320_101000000000000_ATH_1942  |7 0  |8 DER_TF  |9 291708  |a BIBDER  |b BIBDER  |d 2019-11-19  |i 1889737  |l 1  |o 320.101 ATH 1942  |p 1889737  |r 2023-01-25  |s 2020-03-16  |w 2019-11-19  |x Ubicación 4to Piso  |y BK  |z Estos recursos deben solicitarse con anticipación  |k DER